Elementary algebra / (رقم التسجيلة. 26345)
[ عرض عادي ]
| 000 -الفاتح | |
|---|---|
| حقل البيانات ثابتة الطول | 00938cam a22003018a 4500 |
| 001 - رقم الضبط | |
| رقم الضبط | 232922005 |
| 003 - محدد رقم الضبط | |
| رقم الضبط | OSt |
| 005 - وقت وتاريخ اخر تعامل مع التسجيلة | |
| رقم الضبط | 20150408114103.0 |
| 008 - عناصر البيانات ثابتة الطول - معلومات عامة | |
| حقل البيانات ثابتة الطول | 080626s2010 nju 001 0 eng |
| 010 ## - رقم ضبط مكتبة الكونجرس | |
| رقم ضبط مكتبة الكونجرس | 2008028656 |
| 020 ## - الرقم الدولى المعيارى للكتب | |
| الرقم الدولى المعيارى للكتاب | 9780321589309 |
| 020 ## - الرقم الدولى المعيارى للكتب | |
| الرقم الدولى المعيارى للكتاب | 032156748X |
| 035 ## - رقم ضبط النظام | |
| رقم ضبط النظام | (OCoLC)232922005 |
| 040 ## - مصدر الفهرسة | |
| وكالة الفهرسة الأصلية | DLC |
| وكالة النسخ | DLC |
| وكالة التعديل | YDXCP |
| -- | OSC |
| 050 00 - رقم طلب مكتبة الكونجرس | |
| رقم التصنيف | QA152.3 |
| رقم المادة | .S865 2010 |
| 082 ## - رقم تصنيف ديوى العشرى | |
| رقم الطبعة | 22 |
| رقم التصنيف | 512.9 |
| 100 1# - المدخل الرئيسى - إسم شخصى | |
| الإسم الشخصى | Sullivan, Michael, |
| التواريخ المصاحبة للاسم | 1967 July 2- |
| 9 (RLIN) | 18117 |
| 245 10 - بيان العنوان | |
| العنوان | Elementary algebra / |
| بيان المسئوليه,etc | Michael Sullivan lll, Katherine R. Struve, Janet Mazzarella. |
| بقية العنوان | Student Solutions Manual |
| 250 ## - بيان الطبعة | |
| بيان الطبعة | 2nd ed. |
| 260 ## - PUBLICATION, DISTRIBUTION, ETC. (IMPRINT) | |
| مكان الناشر او الموزع | Upper Saddle River, N.J. : |
| اسم الناشر او الموزع | Pearson Prentice Hall, |
| تاريخ النشر أو التوزيع | c2010. |
| 263 ## - تاريخ النشر المتوقع | |
| تاريخ النشر المتوقع | 0809. |
| 300 ## - الوصف المادى | |
| التعداد | 1 v. (various pagings) : |
| تفاصيل ماديه اخرى للوعاء | ill. ; |
| أبعاد الوعاء | 29 cm. |
| 500 ## - تبصرة عامة | |
| تبصرة عامة | Includes index. |
| 650 #0 - المدخل الاضافى بالموضوع-مصطلح موضوعى | |
| مصطلح موضوعي أو اسم جغرافي كعنصر مدخل | Algebra |
| التقسيم الفرعي الشكلي | Textbooks. |
| 9 (RLIN) | 18118 |
| 700 1# - المدخل الاضافى - اسم شخصى | |
| الإسم الشخصى | Struve, Katherine R. |
| 9 (RLIN) | 18119 |
| 710 1# - المدخل الاضافى - اسم هيئه | |
| اسم الهيئة أو اسم السلطة كمدخل | Mazzarella, Janet. |
| 9 (RLIN) | 18120 |
| 942 ## - عناصر المدخل الإضافي( كوها) | |
| مصدر التصنيف او مخطط الترفيف | Dewey Decimal Classification |
| Koha [default] item type | كتاب |
| حالة الفقد | نموذج السعر الفعال | حالة تلف | ليس للاعارة | رقم الطلب | تاريخ الاكتساب | الموقع الحالي | الباركود | الفرع الرئيسي | Date last seen | نوع المادة فى نظام كوها | مصدر التصنيف او خطة الترفيف | Total Checkouts |
|---|---|---|---|---|---|---|---|---|---|---|---|---|
| 2013-03-10 | 512.9 S M E | 2012-12-03 | المكتبة المركزية بالمجمعة (CL) | 07000000011385 | المكتبة المركزية بالمجمعة (CL) | 2013-03-10 | كتاب | Dewey Decimal Classification | ||||
| 2013-03-10 | 512.9 S M E | 2012-12-03 | المكتبة المركزية بالمجمعة (CL) | 07000000011384 | المكتبة المركزية بالمجمعة (CL) | 2013-03-10 | كتاب | Dewey Decimal Classification |
